Guess The American City - Statistics

General Stats
  • This quiz has been taken 34 times
  • The average score is 21 of 30
Answer Stats
Hint Answer % Correct
Largest city in California Los Angeles, CA
94%
Largest city in New York New York City, NY
91%
Second-largest city in California San Diego, CA
91%
Held the most famous tea party in history Boston, MA
88%
Third-largest city in Texas Dallas, TX
88%
Largest city in Texas Houston, TX
88%
Home of the space needle Seattle, WA
88%
Wait the one in Maine or the one in Oregon? Portland, ME or OR
84%
Home of the Gateway Arch Saint Louis, MO
84%
Where Martin Luther King Jr. gave his “I Have A Dream” speech Washington, DC
84%
Birthplace of Barack Obama (no, it’s not in Kenya) Honolulu, HI
81%
Third-largest city in New York Buffalo, NY
78%
Hosts a fierce rivalry between Universal Studios and Disney World Orlando, FL
78%
Second-largest city in Texas San Antonio, TX
78%
Burned in the Great Fire of 1871 Chicago, IL
75%
It’s always sunny in this city Philadelphia, PA
75%
Infamous city where the witch trials were held Salem, MA
75%
Go Ravens! Baltimore, MD
72%
Confederate capital during most of the American Civil War Richmond, VA
72%
Where Rosa Parks was arrested for refusing to give up her seat Montgomery, AL
69%
Third-largest city in California San Jose, CA
69%
Home of the Rock n’ Roll Hall of Fame Cleveland, OH
63%
Home of the A’s until 2025 Oakland, CA
59%
Its name means “the crosses” Las Cruces, NM
56%
Despite the name, this major city isn’t where you’d think it is. Kansas City, MO
47%
Town where the first shot of the American Revolution was fired Lexington, MA
47%
Shares a name with a popular cartoon snail Gary, IN
44%
The biggest city named after a US president Jacksonville, FL
34%
The famous setting of many of Stephen King’s books Bangor, ME
22%
Second-largest city in New York Hempstead, NY
6%
No matching quizzes found
Score Distribution
Percent of People with Each Score
Percentile by Number Answered
Your Score History
You have not taken this quiz